| 000 | 01198nam2a22002531 4500 | ||
|---|---|---|---|
| 001 | RU\NLR\INFOCOMM31\5000076980 | ||
| 005 | 20041227145943.4 | ||
| 035 | _a(NLR Aleph) 002383042 | ||
| 090 |
_a4607223 _c4607223 |
||
| 100 | _a20041227d1985 |||y0rusy50 ca | ||
| 101 | 0 | _arus | |
| 102 | _aRU | ||
| 105 | _ay ||||000|y | ||
| 200 | 1 |
_aПрогрессивная технология закалки с нагревом ТВЧ в тяжелом машиностроении _fЛ.Ш. Розин |
|
| 210 | _d1985 | ||
| 461 | 0 |
_1001RU\NLR\INFOCOMM31\5000076880 _12001#$aТехнология, организация труда, производства и управления$eОбзор. информ.$hСерия 8$iПередовой производственный опыт в тяжелом и транспортном машиностроении$fЦНИИ информ. и техн.-экон. исслед. по тяжелому и трансп. машиностроению$v1985, Вып.6 |
|
| 700 | 1 |
_aРозин _bЛ. Ш. _4070 |
|
| 801 | 0 |
_aRU _bNLR _gPSBO |
|
| 801 | 1 |
_aRU _bInfoComm _c20041227 |
|
| 852 |
_aNLR _jП10/6220 |
||
| 942 | _cISSUE | ||
| 980 | _aNB | ||
| 980 | _aRUSPER | ||